000 00843cab a2200253 4500
001 ABS52678
008 090401t1995 xxu||||| |||| 00| 0 eng d
035 _a(Sirsi) u90382
041 _aeng
100 _aAllwood, R.
245 2 _aA knowledge based advisor to diagnose faults in flat roofing systems
260 _c1995
350 _a0
490 _aCSM (Chartered Surveyor Monthly)
_v4(6) April 1995, 32-33(2)
520 _aReports on the development of an expert system to diagnose faults in flat roofing.
650 _aDEFECTS
650 _aEXPERT SYSTEMS
650 _aFLAT ROOFS
650 _aBUILT ENVIRONMENT-BUILDING ELEMENTS-COMPLETE BUILDING ELEMENTS-ROOFS
690 _aBUILT ENVIRONMENT-BUILDING INSPECTION
690 _aMANAGEMENT-BUSINESS MANAGEMENT-INFORMATION MANAGEMENT
942 _n0
948 _c04/03/1997
999 _c57304
_d57304